[Event "NED-ch55"]
[Site "Rotterdam"]
[Date "2000.05.18"]
[Round "10"]
[White "Nijboer, Friso"]
[Black "Reinderman, Dimitri"]
[Result "1-0"]
[WhiteElo "2540"]
[BlackElo "2561"]
[Annotator "Tsesarsky,I"]
[PlyCount "125"]
[EventDate "2000.05.07"]
[EventType "tourn"]
[EventRounds "11"]
[EventCountry "NED"]
[EventCategory "12"]
[SourceTitle "CBM 077"]
[Source "ChessBase"]
[SourceDate "2000.07.27"]
[SourceVersion "1"]
[SourceVersionDate "2000.07.27"]
[SourceQuality "1"]

{[%mdl 20480]} 1. e4 c5 2. Nf3 Nc6 3. d4 cxd4 4. Nxd4 g6 5. c4 Bg7 6. Be3 Nf6
7. Nc3 O-O 8. Be2 d6 9. O-O Bd7 10. Re1 {Except of this move White can play
also} (10. f3) (10. f4) (10. Kh1) (10. Nc2) (10. Nb3) (10. Rc1 $5) (10. Qd2 $5
{- mainline}) 10... Nxd4 {This move included to Black's plan.} (10... a6 $5 11.
Qd2 $14 (11. Rc1 $6 Nxd4 $1 {Without this change Black can't realise any
logical plan} 12. Bxd4 Bh6 $1 (12... Bc6 $6 13. Bf3 Nd7 14. Bxg7 Kxg7 15. Qd4+
Kg8 16. Nd5 a5 17. b3 e5 $6 (17... e6 18. Nc3 Qg5 (18... Ne5 19. Be2 Qc7 (19...
Qe7 20. Red1 Rfd8 21. c5 $18) 20. Red1 Rfd8 21. f4 $16) 19. Qxd6 Ne5 20. Be2
Rfd8 21. Qa3 Rd4 22. g3 $16) 18. Qd2 Bxd5 19. Qxd5 $16 {Thorhallsson,
Gylfi-Petursson,Margeir/Akureyri ;CBM 40 1994/0-1 (59)}) 13. Rc2 e5 14. Be3
Bxe3 15. fxe3 Bc6 $132)) 11. Bxd4 Bc6 12. Bd3 (12. Bf1 $6 e5 (12... e6 $6 13.
f3 Qb8 14. b4 b6 15. Qb3 Rd8 16. Rad1 $14 {Zarnicki,Pablo-Hadad,Damaris/Sao
Paulo op ;EXT 98 1992/1/2-1/2 (73)}) 13. Be3 Nxe4 14. Nxe4 Bxe4 15. Qd2 $15 {
1-0 Solozhenkin,Evgeniy-Strijbos,Maarten/Avoine op (3) ;EXT 97 1995 (42)})
12... a5 (12... Nd7 13. Bxg7 Kxg7 14. Qd2 Rc8 15. b3 $14 (15. Re3 h6 16. Rh3 (
16. h4 $14) 16... Rh8 17. b3 a6 $14 {1/2-1/2 Gallagher,Joseph G-Turner,Matthew/
Biel op (4) ;CBM 31 ext 1992 (38)})) (12... a6 13. Rc1 Bh6 14. Rc2 $14 (14. Be3
Bxe3 15. Rxe3 Rc8 16. Qd2 Qa5 17. Rd1 (17. f4 Qc5 (17... b5 $132) 18. Kh1 e5
$11) 17... Qg5 18. Qe2 (18. Rf1 Ng4 $1 19. Re2 (19. f4 Qc5) 19... Qh5 20. h3
Ne5 21. Rd1 b5 $11) 18... Nh5 19. Qe1 (19. g3 Nf4 20. Qd2 Nxd3 21. Rxd3 Qxd2
22. R1xd2 b5 $11) 19... Nf4 20. Bf1 Rfe8 $132 {Wegener,D-Wesseln,K/Bundesliga
1999-2000 2000/0-1 (66)})) 13. Qd2 (13. b3 Nd7 14. Bxg7 Kxg7 15. Qd2 (15. Nd5
Nc5 16. Qd2 e5 17. Nc3 $14 {Ivanov,Mikhail M-Djurhuus,Rune/Gausdal Int (1) ;
CBM 47 ext 1995/1/2-1/2 (54)}) 15... f6 16. Re3 Rf7 17. Nd5 e5 18. Be2 Nc5 19.
Nc3 $14 {1/2-1/2 Gallagher,Joseph G-Nielsen,Peter Heine/Forli op (2) ;TD 1992 
(36)}) 13... Nd7 (13... a4 14. Rac1 (14. Nd5 $5 Nd7 (14... e6 15. Nb4 $14 {
[%cal Gb4c6]} (15. Nxf6+ Bxf6 16. Bc2 Bxd4 17. Qxd4 Qc7 18. Rad1 Rfd8 19. Re3
b5 $11)) 15. Bxg7 Kxg7 16. Re3 Re8 17. Rh3 Nf8 18. Qh6+ Kg8 19. Rg3 Bxd5 20.
exd5 e5 21. dxe6 Rxe6 22. Rd1 $14 (22. h4 Re5 23. h5 Raa5 $132 {0-1 Estrada
Nieto,Julian-Scarella,Enrique/Pan American (13) ;EXT 97 1991 (40)})) 14... Qa5
15. Bf1 Rfd8 16. f3 Nd7 17. Be3 Nc5 18. Red1 Rdc8 19. Nd5 Qxd2 20. Rxd2 Bxd5
21. cxd5 $14 {Bogut,Zeljko-Gazarek,Danko/CRO-Cup Pula (3) ;EXT 2000 1998/1-0 
(64)}) (13... Re8 14. Rad1 a4 15. Nd5 Nd7 16. Bxg7 Kxg7 17. Bf1 Qa5 18. Nc3 Kg8
19. Re3 Qe5 $132 {1/2-1/2 Nikcevic,Nebojsa-Cabrilo,Goran/JUG-chT Cetinje ;EXT
97 1992 (26)}) (13... Ng4 14. Bxg7 Kxg7 15. Rad1 Qb6 16. Bf1 Rae8 17. h3 Ne5
18. Kh1 Qc5 19. b3 $14 {1-0 Kaiumov,Dmitry D-Blodstein,Arkady/Tashkent ;EXT 97
1992 (34)}) 14. Bxg7 Kxg7 15. Re3 {This position already played and White
recieved advantage:} f6 $14 {This novelty also didn't solve Black problems:
space advantage and free pieces play of White.} (15... Nc5 16. Rd1 Qb6 17. Bb1
Rfd8 18. Nd5 Bxd5 19. exd5 Qc7 20. Rde1 e5 21. dxe6 Nxe6 22. Bf5 Nf8 23. Qc3+
Kg8 24. Re7 $18 {1-0 Milos,Gilberto-Silva,Sebastain/Buenos Aires Konex (3) ;
EXT 2000 1991 (28)}) (15... Kg8 16. Rd1 Re8 17. Bb1 Qb6 18. Rde1 Qb4 19. Qe2 a4
20. Nd5 Bxd5 21. exd5 Ne5 22. b3 axb3 23. axb3 Ra1 24. f4 $16 {1-0 Arizmendi,
Yulen-Benjamin,Dan/USA-ch cadet (5) ;EXT 98 1992 (31)}) (15... h6 $5 16. Rae1 (
16. Rh3 h5 17. Rxh5 gxh5 18. Qg5+ {1/2-1/2 Stypka,Mieczyslaw-Walach,Marcin/MK
Cafe op-A (9) ;CBM 59 ext 1997}) 16... Qb6 17. Rh3 Rh8 $14 {1-0 Celis,
Gustavo-Samur,Arturo/Siembra Villa Ballester op (2) ;CBM 51 ext 1996 (30)}) 16.
Rd1 Rf7 17. h4 $1 {White preparing K Attack!} Kh8 (17... a4 $5 $14) 18. b3 Ne5
19. Be2 {White keep B from change} Qb6 20. f4 Nd7 21. Kh2 Rg8 22. Rf1 Rfg7 23.
Bg4 f5 24. Bh3 (24. Bf3 $14) (24. exf5 $4 gxf5 $19 {[%csl Rg2]}) 24... Qc5 (
24... Nc5 25. e5 dxe5 26. Rxe5 Nd7 27. Re6 Nc5 28. Qd4 Qb4 29. Re5 Ne4 30. Nxe4
Bxe4 31. Rd1 $14) (24... Nf6 $1 25. e5 (25. exf5 gxf5 26. Re2 Ng4+ 27. Kh1 Qb4
$132) 25... dxe5 26. fxe5 (26. Rxe5 Rd8 27. Qe1 Qb4 $132) 26... Ne4 27. Nxe4
Bxe4 28. Ree1 $11) 25. Nd5 e6 $2 $16 (25... b5 $1 26. exf5 Bxd5 27. cxd5 gxf5
28. Rc1 (28. Bxf5 Rxg2+ $19) 28... Qb4 29. Qxb4 axb4 30. g3 Nf6 31. Rd1 (31.
Bxf5 Nxd5 32. Rd3 Nc3 33. Rc2 Ra8 34. Be6 $14) 31... Nh5 32. Rdd3 Ra8 33. Bxf5
Rxa2+ 34. Kh3 $14) 26. Nc7 $5 {Not necessary P sacrifice} (26. Nc3 $1 $14)
26... Nf8 $8 27. Nb5 $5 ({Only equal game bring} 27. exf5 $6 gxf5 $1 {[%csl
Rg2]} (27... Rxc7 $2 28. fxe6 Be8 29. Qc3+ Rgg7 30. f5 gxf5 31. Rxf5 {[%csl
Rc5,Rf8]} d5 32. Rxd5 Qb4 33. Rxa5 Qxc3 34. Rxc3 $16) (27... exf5 $2 28. Ne8
Bxe8 29. Rxe8 Nd7 30. Re6 $16 {[%csl Rh3]}) 28. Nxe6 Nxe6 29. Rxe6 Bxg2 30.
Bxg2 Rxg2+ 31. Qxg2 Rxg2+ 32. Kxg2 b5 (32... Qd4 $11) 33. Re8+ (33. Rfe1 bxc4
$132) 33... Kg7 34. cxb5 Qxb5 35. Rfe1 Qd5+ 36. Kg3 Qd3+ 37. R1e3 Qd2 38. R8e7+
Kf8 39. h5 Qd1 $11) 27... Bxb5 28. cxb5 Qxb5 {[%cal Gb5f1]} 29. Rc1 (29. Rd1 {
[%csl Rd6]} Rd7 30. Qc3+ Rgg7 31. exf5 gxf5 32. Qc8 (32. Qf6 Kg8 33. h5 Qb4 34.
g3 $15) 32... Rg8 33. Qc3+ $11) 29... Qb6 (29... Qb4 30. Qxb4 axb4 31. Rc4 $14)
30. Rd3 Rd7 31. Qb2+ (31. Rd4 $44) (31. e5 d5 $17) 31... Rgg7 32. h5 $1 gxh5 $6
$14 {After this move White Bishop become more active.} (32... Kg8 $142 $1 33.
exf5 (33. h6 Rgf7 34. exf5 exf5 35. Rc8 d5 $44) 33... exf5 $44 (33... gxf5 $44)
) 33. exf5 exf5 34. Rd5 {[%csl Rf5]} Rdf7 35. Qd2 $1 {[%csl Ra5,Rd6,Rf5]} Qd8 (
35... Qb4 36. Rxd6 Qxd2 37. Rxd2 Ne6 38. Rf1 $1 $14 {[%cal Gd2d5]}) 36. Rxd6 (
36. Rxa5 $14) 36... Qh4 37. Rd3 (37. Rc3 Rd7 38. Rc8 $14) (37. Rc8 Qg3+ 38. Kh1
Rg6 39. Rd3 $14) 37... h6 $2 $18 (37... b6 $1 $14) 38. g3 $4 $44 ({Strong was} 
38. Rc5 $1 {[%csl Ra5,Rf5]} b6 (38... Ne6 39. g3 $1 Rxg3 (39... Qe7 40. Re5 (
40. Rxa5 h4 41. Rxf5 hxg3+ 42. Rxg3 Rxg3 43. Kxg3 Rg7+ 44. Bg4 (44. Kh2 Nd4 $17
{[%csl Rf3,Rf5]}) 44... Nc5 45. Kh3 Ne4 46. Qd4 $16) 40... h4 41. gxh4 Qf6 42.
Qf2 $18) 40. Rxg3 Nxc5 41. Qd4+ $18) 39. Re5 Kg8 40. g3 Qf6 41. Rxf5 Qg6 42.
Rxf7 Qxf7 43. Rd6 Rg6 44. Bf1 $18) 38... Qf6 39. Rd6 Rd7 $1 {The only but
strong move} (39... Ne6 40. Rc8+ Kh7 41. Re8 Qg6 42. Qe1 Re7 43. Rxe7 Rxe7 44.
Qe5 $18) 40. Rd1 (40. Rxf6 $2 Rxd2+ 41. Bg2 Ng6 $1 {with a little trap:} 42.
Kh1 (42. Rxf5 Rxg2+ 43. Kxg2 Nh4+ $19) 42... h4 43. gxh4 Kh7 44. Bh3 Nxh4 45.
Bxf5+ Nxf5 46. Rxf5 Rxa2 $17) 40... Rxd6 41. Qxd6 Ne6 (41... Qxd6 $2 42. Rxd6
$16) 42. Qe5 $1 Qxe5 43. fxe5 Ng5 (43... Re7 44. Bxf5 Ng5 45. Rd5 Rxe5 46. Rxe5
Nf3+ 47. Kh3 Nxe5 48. Kh4 Kg7 49. Kxh5 b5 $11) 44. Rd8+ Rg8 45. Rd6 h4 (45...
Nf3+ 46. Kg2 h4 47. Rxh6+ Kg7 48. Rh5 Nxe5 49. Rxf5 Ng6 50. Rxa5 $16) 46. Rxh6+
Kg7 47. Rb6 hxg3+ $1 (47... Kf8 48. Bg2 hxg3+ 49. Kxg3 Nf7+ 50. Kf2 Nxe5 51.
Bxb7 Rg5 52. Kf1 $1 (52. Rb5 f4 $14) 52... Ke7 (52... f4 53. Rf6+ $16) 53. Rb5
Kd6 54. Rxa5 $16) 48. Kxg3 Nxh3 $6 $14 ({Black must include} 48... f4+ 49. Kg4
Nxh3 50. Rxb7+ Kh6+ 51. Kxh3 Kg5 52. e6 Kf6 53. Rf7+ Kxe6 54. Rxf4 $11) 49.
Rxb7+ Kg6 50. Kxh3 Rd8 $4 {Black don't know what to do} ({Black had to change
Pf5 for Pe5 - and the game will be drawn} 50... Kg5 $1 51. Rb5 (51. Kg3 f4+ 52.
Kf3 Kf5 53. Rb5 (53. Rf7+ Kxe5 $11) 53... Rg3+ 54. Kf2 a4 $11) 51... Kf4 52.
Rxa5 (52. Kh2 Ke4 53. Rxa5 f4 54. e6 f3 55. Ra7 Ke5 56. Rf7 Rg2+ $1 57. Kh3
Kxe6 58. Rxf3 Rxa2 $11) 52... Kf3 53. Kh4 f4 54. e6 Ke4 55. Rg5 Re8 56. Rg6 Kf5
57. Rh6 Rg8 58. e7 Rg4+ 59. Kh3 Rg3+ 60. Kh2 (60. Kh4 Rg4+) 60... Re3 61. Rh7
Kg6 $14) 51. Ra7 Kg5 (51... Rd5 52. e6 Kf6 53. e7 Re5 54. Kg3 Rxe7 55. Rxa5 $16
) 52. e6 Re8 53. e7 Kf6 54. Ra6+ (54. Kg3 Rxe7 55. Rxa5 $16) 54... Kg5 55. Re6
Kf4 (55... f4 56. Re5+ Kf6 57. Rxa5 Rxe7 58. Kg4 $18) 56. Kg2 Rg8+ 57. Kf2 Re8
58. a3 Kg4 59. b4 axb4 60. axb4 Kg5 (60... f4 61. Re5 f3 62. Re4+ Kf5 63. Kxf3
$18) 61. b5 f4 62. b6 Kf5 63. Re1 1-0

[Event "EU-ch 4th"]
[Site "Istanbul"]
[Date "2003.06.01"]
[Round "3"]
[White "Ftacnik, Lubomir"]
[Black "Anastasian, Ashot"]
[Result "1/2-1/2"]
[WhiteElo "2611"]
[BlackElo "2561"]
[Annotator "Tsesarsky,I"]
[PlyCount "161"]
[EventDate "2003.05.30"]
[EventType "swiss"]
[EventRounds "13"]
[EventCountry "TUR"]
[SourceTitle "CBM 096"]
[Source "ChessBase"]
[SourceDate "2003.09.25"]
[SourceVersion "1"]
[SourceVersionDate "2003.09.25"]
[SourceQuality "1"]

1. Nf3 Nf6 2. c4 c5 3. Nc3 d6 4. d4 cxd4 5. Nxd4 g6 6. e4 Bg7 7. Be2 Nc6 8. Be3
O-O 9. O-O Bd7 10. Qd2 a6 11. f3 Rb8 12. Nxc6 $5 {Rare move. Much more popular
are} (12. Rfd1) (12. Nc2) (12. Nb3) (12. Rac1) 12... Bxc6 13. b4 $14 (13. Nd5
b5 14. Bd4 Bxd5 15. cxd5 Nd7 16. Rac1 (16. Bxg7 Kxg7 17. b4 $14) 16... Bxd4+
17. Qxd4 Qa5 18. f4 $14 (18. Qa7 $6 {1/2-1/2 Hlavnicka,J-Hresc,V/Schwarzach
1998/EXT 2000 (55)})) 13... b6 $5 (13... b5 14. cxb5 axb5 15. a4 bxa4 16. b5
Bb7 17. Rxa4 Nd7 $14) 14. Rfd1 Nd7 15. Rac1 a5 16. a3 axb4 17. axb4 Ra8 {
[%cal Ga8a2] Black opened a-file and placed his R on it, but it isn't
accompanied by any serious counterplay.} 18. Bg5 Re8 19. Nd5 {[%csl Re7] White
increases pressure.} Ba4 20. Re1 Bc6 21. f4 $5 $16 {White obtains clear
advantage.} Bxd5 ({In case of} 21... Ra3 {White gets an advantage by} 22. Nxe7+
$1 (22. f5 Ne5 23. fxg6 hxg6 24. Rf1 $14) 22... Rxe7 23. Qxd6 f6 24. Bh4 Bxe4 (
24... Ba8 25. c5 bxc5 26. bxc5 $16) 25. c5 bxc5 26. bxc5 Qe8 27. Bb5 Ra5 28.
Bc6 $16) 22. cxd5 {[%csl Rc6,Ge2,Gg5][%cal Gc1c7,Ge2b5]} b5 23. Rc6 Qb8 24. Bh4
Ra3 25. Bf2 Rb3 26. Rec1 h5 27. Bd3 Nf6 28. h3 (28. Rb6 Qa8 29. Rxb5 Qa3 30.
Rd1 Ng4 $44) 28... Qa8 29. e5 $1 (29. Bc2 $143 Rb2 30. Qe1 (30. e5 Ne4 31. Qd4
Nxf2 32. Qxb2 Qa7 $15) 30... e6 {[%cal Ge8e1]} 31. Rxd6 Qb8 32. e5 Nxd5 33.
Rxd5 exd5 34. Bd4 Rxc2 (34... Ra2 35. Bb3 Ra6 36. Bxd5 Rd8 37. Qe4 Bf8 38. e6
$16) 35. Rxc2 f6 $14) 29... Nxd5 30. Bc2 ({Worth of attention} 30. Bxb5 $5 Nxb4
31. Rc7 Nd5 (31... Rd8 32. e6 Rb2 (32... fxe6 33. Bc4 Rb2 34. Qe3 d5 35. Qxe6+
Kh8 36. Bf1 Rxf2 37. Qxe7 $1 Rg8 (37... Rxf1+ 38. Rxf1 Rg8 39. Qxb4 $18) 38.
Kxf2 $18) 33. exf7+ Kxf7 34. Qe1 $18) 32. Bc6 Nxc7 33. Bxa8 Nxa8 34. exd6 exd6
35. Qxd6 $16) 30... Rxb4 {Black prefers to sacrifice piece.} ({Alternative} 
30... Nxb4 {makes position of Black hopeless:} 31. Bxb3 Nxc6 32. exd6 e6 (32...
exd6 33. Qd5 $18) 33. d7 Rd8 34. Qd6 Na5 35. Bxe6 $1 $18 {[%csl Gd7]}) 31. Qxd5
Rc4 32. Bb3 $4 $14 {Serious, probably decisive mistake!} ({Easily wins} 32. e6
f5 33. Bb3 $18) 32... Rxc1+ 33. Rxc1 Qxd5 34. Bxd5 dxe5 35. fxe5 Bxe5 {Black
recieves 2 PP for the B and position without weaknesses. Probably it is
already fortress. Anyway, it is very difficult to offer winning plan...} 36.
Rc5 Bf6 37. Rxb5 Rd8 38. Kf1 e6 39. Be4 Bd4 40. Bh4 Rc8 41. Bd3 Kg7 42. Ke2 Ra8
43. Bc4 Ra7 44. Bg3 Rd7 45. Kf3 Bf6 46. Bf4 Rd4 47. Rc5 Rd7 48. Rc7 Rxc7 49.
Bxc7 {White changes RR, but it doesn't add anything.} Bc3 50. Kf4 Kf6 51. Bd8+
Kg7 52. Ke4 f5+ 53. Kd3 Bf6 54. Bb6 Kf7 55. Bd4 Be7 56. Be5 g5 57. g3 Bd8 58.
Bb3 g4 59. h4 Bf6 60. Kd4 Ke7 61. Bc4 Kf7 62. Bb5 Be7 63. Bd7 Ba3 64. Kc4 Ke7
65. Bc6 Bd6 66. Kd4 Ba3 67. Ke3 Bc1+ 68. Kd3 Ba3 69. Bb5 Bd6 70. Kd4 Ba3 71.
Ke3 Bc1+ 72. Kd3 Ba3 73. Ba6 Bd6 74. Kd4 Ba3 75. Ke3 Bc1+ 76. Kd3 Kd7 77. Bb7
Ba3 78. Ba6 Bc5 79. Bb5+ Ke7 80. Bc6 Bd6 81. Kd4 1/2-1/2

[Event "RUS-ch"]
[Site "Krasnodar"]
[Date "2002.08.27"]
[Round "1"]
[White "Aseev, Konstantin N"]
[Black "Nevostrujev, Vladimir"]
[Result "0-1"]
[WhiteElo "2575"]
[BlackElo "2502"]
[Annotator "Tsesarsky,I"]
[PlyCount "66"]
[EventDate "2002.08.27"]
[EventType "swiss"]
[EventRounds "9"]
[EventCountry "RUS"]
[SourceTitle "CBM 091"]
[Source "ChessBase"]
[SourceDate "2002.11.12"]
[SourceVersion "1"]
[SourceVersionDate "2002.11.12"]
[SourceQuality "1"]

1. d4 Nf6 2. c4 g6 3. Nc3 Bg7 4. e4 O-O 5. Nf3 d6 6. Be2 c5 7. O-O cxd4 8. Nxd4
Nc6 9. Be3 Bd7 10. Kh1 a6 11. f3 ({Interesting is} 11. Nb3 $1 {[%cal Gc4c5]
with idea to avoid NN exchange. White has space advantage and this action is
reasonable.} b6 $1 (11... Rc8 {[%cal Gc6a5]} 12. c5 $1 dxc5 13. Nxc5 Rc7 14.
Nd5 (14. Qb3 $5 $14 {[%cal Gf1d1]}) 14... Nxd5 15. exd5 Nb8 (15... Ne5 16. f4
b6 17. Nxa6 Nc4 18. Bd4 $18) 16. Qb3 Bc8 17. Nd3 {[%csl Rc7][%cal Ge3f4,Ge3b6]}
Nd7 (17... Rd7 18. Bb6 Qe8 19. Ba7 $1 $18 {[%csl Rb8]}) 18. Bf4 $16 {[%csl Rc7]
}) (11... Rb8 12. c5 Ne8 (12... dxc5 13. Nxc5 Qc7 14. Nxd7 Nxd7 15. f4 $14 {
[%csl Ge2,Ge3]}) 13. f4 Be6 14. cxd6 Qxd6 15. Nc5 Qxd1 16. Raxd1 Nc7 17. Nd5 (
17. Nd7 Bxd7 18. Rxd7 $16) 17... Nb5 18. a4 (18. Bxb5 axb5 19. Nxe6 fxe6 20.
Nc7 $16) 18... Nd6 19. Nxe6 fxe6 20. Nxe7+ Nxe7 21. Rxd6 $18 {1-0 Kushnir,
A-Kozlovskaya,V/Moscow 1972/MCD (34)}) 12. Rc1 Rb8 (12... Qb8 13. Na4 $16 {
[%csl Rb6]}) 13. f3 Bc8 $14 {[%cal Gc8b7]}) (11. Rc1 Rc8 12. h3 (12. b3 Nxd4
13. Bxd4 Bc6 14. f3 $14 {1/2-1/2 Lewald,S-Huber,A/Stade 1992/EXT 99 (17)}) (12.
f4 Nxd4 13. Bxd4 Bc6 14. Bf3 Qa5 15. a3 b5 16. Nd5 (16. e5 dxe5 17. fxe5 Nd7
18. Bxc6 Rxc6 19. b4 Qd8 (19... Qxa3 20. Nd5 (20. Ra1 Qxb4 21. Nd5 Qxc4 22.
Nxe7+ Kh8 23. Nxc6 Qxc6 $44) 20... Rxc4 21. Ra1 $18 {[%csl Ra3]}) 20. cxb5 axb5
21. e6 Rxe6 22. Bxg7 Kxg7 23. Nxb5 Ne5 $14) 16... Bxd5 17. cxd5 Rc7 18. b4 Rxc1
19. Qxc1 Qd8 20. Qc6 $16 {1-0 Vasquez Ramirez,R-Duran,L/Bento Goncalves 2000/
EXT 2001 (35)}) 12... Nxd4 13. Bxd4 Bc6 14. Qd3 Re8 15. f4 e5 16. fxe5 dxe5 $11
{0-1 Eberz,A-Wittelsberger,H/GER 1978/EXT 2001 (52)}) (11. a4 Rc8 12. Nxc6 Bxc6
13. f3 Nd7 14. Qc2 f5 15. b4 Bxc3 16. Qxc3 fxe4 17. Bh6 Rf6 18. fxe4 Ne5 19.
Qd4 Nf7 20. Be3 e5 21. Qd3 $16 {1-0 Sharapov,E-Pyda,Z/Koszalin POL 2001/The
Week in Chess 363 (39)}) 11... Qb8 (11... Nxd4 12. Bxd4 Rb8 (12... Qa5 13. c5
e5 14. Bg1 dxc5 15. Qd6 Rac8 (15... Be6 16. Qxc5 Qxc5 17. Bxc5 Rfd8 18. Rfd1
Bf8 19. Bb6 Rxd1+ 20. Rxd1 Rc8 $11) 16. Qxe5 Be6 $11 {1-0 Shchekachev,
A-Forberg,A/Nice FRA 2002/The Week in Chess 405 (33)}) 13. Qd2 Re8 14. Rfd1 b5
15. e5 dxe5 16. Bxe5 b4 17. Bxf6 exf6 18. Nd5 Bc6 $11 {0-1 Rahman,T-Hegde,R/
Calcutta 1994/EXT 97 (28)}) (11... Rc8 12. Rc1 (12. Qd2 Re8 13. Rfd1 Ne5 14. b3
Qc7 15. Rac1 Qa5 16. Bf1 Qc7 17. Qf2 $14 {1-0 Moylan,L-Khan,N/Istanbul 2000/
EXT 2001 (50)}) 12... Ne8 13. Nd5 e6 14. Nxc6 Rxc6 15. Nb4 Rc8 16. Qd2 Bc6 17.
c5 d5 18. Nxc6 Rxc6 19. Rfd1 Nc7 20. Bc4 Qe8 21. Bb3 $16 {1-0 Istrati,V-Duriez,
A/Murek 1998/CBM 65 ext (46)}) 12. Qd2 $6 {Inaccuracy.} ({Much better was} 12.
Nb3 $1 {[%cal Gc4c5] with mentioned above idea.} Be6 (12... b6 13. Na4 b5 14.
Nb6 Ra7 15. cxb5 axb5 16. Bxb5 $16) 13. Nd5 Nd7 14. Qd2 b6 15. Rac1 Nc5 16. Nd4
$14 (16. Na1 Rc8 17. b4 Nd7 18. Nb3 $14 {()})) 12... Rc8 $6 ({I'd prefer} 12...
b6 $5 13. Nxc6 Bxc6 14. Nd5 Nxd5 15. cxd5 Bd7 $11 {[%cal Gf8c8]}) 13. Rfd1 $6 (
{Again better is} 13. Nb3 $1 Ne5 {[%csl Rc4]} 14. c5 dxc5 15. Nxc5 Bc6 16. Rfd1
$5 $14) 13... b6 $1 $11 {At last!} 14. Bf1 Ra7 {Black equalized. Certain
initiatve still can be developed by White because of space advantage, but
Black has enough resources to neutralize it.} 15. Nxc6 Bxc6 16. Qf2 Rb7 17.
Rac1 ({Or} 17. a4 Nd7 18. Nd5 Nc5 19. Qc2 e6 20. Nb4 Qc7 (20... Be8 $5 $132)
21. Ra3 (21. Nxc6 Qxc6 22. Ra3 a5 $11 {Blockade on dark squares.}) 21... Be8
22. Na2 a5 23. Nc3 Qe7 $11 {Blockade on dark squares.}) 17... b5 18. b3 Rbc7
19. Bb6 Rb7 20. Bd4 Rbc7 21. e5 $2 $17 {Blunder.} ({Position is equal. White
should erconcile with this fact by various ways:} 21. Nd5 Bxd5 22. exd5 Nd7 23.
Bxg7 Kxg7 24. Re1 Nf6 $11) (21. Bb6 Rb7 22. Bd4 $11) (21. Be2 Nd7 22. Bxg7 Kxg7
23. Qd4+ Kg8 24. f4 Qb7 $11) 21... dxe5 22. Bxe5 Ng4 $1 23. fxg4 Bxe5 {[%csl
Gc6,Ge5,Rg2,Rg4]} 24. Qh4 Rd8 25. Rxd8+ Qxd8 26. Qe1 $2 $19 ({More stubborn was
} 26. Rd1 Rd7 27. Rxd7 Qxd7 28. Ne2 Qd1 29. Kg1 $17) 26... Qd4 $1 {[%csl Rh2]
[%cal Gd4f4]} 27. Be2 (27. Ne2 Qxg4 $19) 27... b4 ({Immediately wins} 27... Qf4
{[%csl Rh1,Rh2][%cal Ge5h2]} 28. Qg1 Qd2 $19 {[%csl Rc3,Re2]}) 28. Na4 ({Or} 
28. Nb1 Qf4 29. Qg1 Bd4 30. Qf1 Qh6 31. Rd1 Be5 32. Qg1 Rd7 33. Rxd7 Bxd7 34.
Bf3 Qf4 $19) 28... Rd7 29. Qf1 Qe3 30. Rd1 Qh3 31. Qg1 Bxh2 32. Qxh2 Bxg2+ 33.
Kg1 Qe3+ 0-1